00493nam a2200169Ia 4500008004100000040001900041041001200060082002700072100001700099245006600116260003600182300001800218650002300236651002000259700002300279850002100302131103s9999 xx 000 0 und d aLoreto College aEnglish a823.91/JAMbLCLIB/1001 aJames, Henry 4aThe Bostoniansb a novel cHenry James; edited by Irving Howe aNew yorkbThe modern lib.c1956 a464p. c 20cm aEnglish literature aEnglish Fiction aHowe, Irving; ed. aLCLIB/823.91/JAM